000 00416nam a22001817a 4500
003 CEME
005 20210628202245.0
008 210301b xxu||||| |||| 00| 0 eng d
020 _a969-503-075-0
040 _c.
082 _a891.4393 MUM
100 _aMumtaz Mufti
_9370
245 _aTalash
260 _aLAHORE
_bAL-FAISAL
_c2001
300 _a278P
650 _aURDU ADAB-AFSANAY
_958964
942 _cBK
_2ddc
999 _c569101
_d569101